000 00398nam a2200121Ia 4500
008 220204s9999 xx 000 0 und d
082 _a631.81:631S
_bSID
245 0 _aNational symposium on the use of phosphate rock for sustainable agriculture
260 _aBangalore
_bUniversity of Agaricultural Sciences
_c1995
650 _aRubber rock phosphate soil
700 _aSiddaraamappa, R
942 _cBK
999 _c43879
_d43879